000 01192nam a22003497a 4500
003 CHAP
005 20220329133612.0
008 971013s1992 r 00010 d
010 _a8437
011 _a9409
035 _a8644
040 _cCHAP
090 _aTesis
100 0 0 _aSánchez Sánchez, Ernesto.
_9107859
245 _aEvaluación del extracto de ajo como estimulador de la brotación en ciruelo japones (Prunus salicina L) "Santa rosa"
260 _aMontecillo, Méx. :
_bEl autor,
_c1992
300 _a63 h.
502 _aTesis (M.C. Esp. en Fruticultura) -- C.P. Centro de Fruticultura
590 _aALEPH
_b10
_c20130110
_lUCH01
_h1222
590 _aBATCH-UPD
_b10
_c20130110
_lUCH01
_h0158
590 _aBATCH-UPD
_b10
_c20130110
_lUCH01
_h1724
590 _aBATCH-UPD
_b10
_c20130409
_lUCH01
_h2204
590 _aBATCH-UPD
_b10
_c20130913
_lUCH01
_h2336
590 _aCONVERSION
_b10
_c20130109
_lUCH01
_h1306
650 1 4 _aAjo.
_93170
650 1 4 _aPlantas
_xCrecimiento
_xEstimulantes.
_988808
650 1 4 _aPrunus salicina.
_992545
901 _aBK
942 _cFOLL
949 _bBC
_cTES
_d-18931
_eTS1
_h25778
_i8644
_si
949 _bBC
_cTES
_d-18932
_eTS2
_fc.2
_h25779
_i8644
_si
999 _c8437
_d8437